000 00289nam a2200097Ia 4500
942 _cBK
245 0 _aORGANIZATIONAL COMMUNICATION, EMPOWERMENT IN A TECHNOLOGICAL SOCIETY
100 _a PATRICIA HAYES ANDREWS
700 _a RICHARD T. HERSCHEL
008 210804s9999 xx 000 0 und d
999 _c44870
_d44869